00606nam a22001697a 450000500170000001000150001702000270003203500140005903700130007308200160008610000230010224501280012526000450025327000640029830000230036250000510038520200218121513.0 aENG-127897 c1095.00a9780199489411 aEN-111429 bDBAD/PUB a305.8009541 aGuite, Jangkhomang aAgainst state, against history : cby Guite, Jangkhomangbfreedom, resistance, and statelessness in upland Northeast India/ aNew Delhic2019bOxford University Press a2/11 Ground Floor,Ansari Road,Dariyaganje110002bNew Delhi axvii;301p.b23(hb) aincludes bibliographical references and index